Dobrodružstvá rušňa Tomáša (Record no. 21469)
[ view plain ]
| 000 -LEADER | |
|---|---|
| fixed length control field | 01198nam a2200373 4500 |
| 001 - CONTROL NUMBER | |
| control field | 21469 |
| 003 - CONTROL NUMBER IDENTIFIER | |
| control field | VRT |
| 005 - DATE AND TIME OF LATEST TRANSACTION | |
| control field | 20260302131737.0 |
| 008 - FIXED-LENGTH DATA ELEMENTS--GENERAL INFORMATION | |
| fixed length control field | 110916s2010 xr a 00| 1 slo c |
| 020 ## - INTERNATIONAL STANDARD BOOK NUMBER | |
| International Standard Book Number | 9788025215159 (viaz.) |
| 039 #9 - LEVEL OF BIBLIOGRAPHIC CONTROL AND CODING DETAIL [OBSOLETE] | |
| Level of rules in bibliographic description | 202403290300 |
| Level of effort used to assign nonsubject heading access points | AUTHORITY |
| Level of effort used to assign subject headings | 202304202234 |
| Level of effort used to assign classification | AUTHORITY |
| Level of effort used to assign subject headings | 201109191404 |
| Level of effort used to assign classification | mktv02 |
| 040 ## - CATALOGING SOURCE | |
| Original cataloging agency | TVZK |
| Language of cataloging | slo |
| Transcribing agency | TVZK |
| Description conventions | AACR2 |
| 041 1# - LANGUAGE CODE | |
| Language code of text/sound track or separate title | slo |
| Language code of original | eng |
| 044 ## - COUNTRY OF PUBLISHING/PRODUCING ENTITY CODE | |
| MARC country code | xr |
| ISO country code | CZ |
| 072 #7 - SUBJECT CATEGORY CODE | |
| Subject category code | 821.111-3 |
| Subject category code subdivision | Anglická próza, anglicky písaná |
| Source | konspekt |
| 080 ## - UNIVERSAL DECIMAL CLASSIFICATION NUMBER | |
| Universal Decimal Classification number | 821.111 |
| Edition identifier | 2001 |
| 080 ## - UNIVERSAL DECIMAL CLASSIFICATION NUMBER | |
| Universal Decimal Classification number | 821.111-34 |
| Edition identifier | 2001 |
| 100 1# - MAIN ENTRY--PERSONAL NAME | |
| Personal name | Awdry, W., |
| Dates associated with a name | 1911-1997 |
| 245 10 - TITLE STATEMENT | |
| Title | Dobrodružstvá rušňa Tomáša |
| Number of part/section of a work | 1 |
| Statement of responsibility, etc. | podľa rev. W. Awdryho ; ilustrácie Robin Davies a Jerry Smith |
| 250 ## - EDITION STATEMENT | |
| Edition statement | 4. vyd. |
| 260 ## - PUBLICATION, DISTRIBUTION, ETC. | |
| Place of publication, distribution, etc. | Praha |
| Name of publisher, distributor, etc. | Egmont |
| Date of publication, distribution, etc. | 2010 |
| 300 ## - PHYSICAL DESCRIPTION | |
| Extent | [76] s. |
| Other physical details | fareb. ilustr. |
| Dimensions | 27 cm |
| 490 1# - SERIES STATEMENT | |
| Series statement | Tomáš a jeho kamaráti |
| 500 ## - GENERAL NOTE | |
| General note | Preložené z angličtiny |
| 500 ## - GENERAL NOTE | |
| General note | Na obálke uvedení autori: W. a CH. Awdry |
| 650 07 - SUBJECT ADDED ENTRY--TOPICAL TERM | |
| Topical term or geographic name entry element | anglická literatúra |
| 655 #7 - INDEX TERM--GENRE/FORM | |
| Genre/form data or focus term | anglické rozprávky |
| 700 1# - ADDED ENTRY--PERSONAL NAME | |
| Personal name | Davies, Robin, |
| Dates associated with a name | 1950- |
| Relationship | ill |
| 700 1# - ADDED ENTRY--PERSONAL NAME | |
| Personal name | Smith, Jerry |
| Relationship | ill |
| 700 1# - ADDED ENTRY--PERSONAL NAME | |
| Personal name | Awdry, Ch. |
| Relationship | aut |
| 830 #0 - SERIES ADDED ENTRY--UNIFORM TITLE | |
| Uniform title | Tomáš a jeho kamaráti |
| 910 ## - USER-OPTION DATA (OCLC) | |
| User-option data | tvzk |
| 942 ## - ADDED ENTRY ELEMENTS (KOHA) | |
| Source of classification or shelving scheme | Dewey Decimal Classification |
| Koha item type | Krásna literatúra pre deti |
| Suppress in OPAC | No |
| Stav vyradenia | Strata | Poškodenie | Spôsob nadobudnutia | Domovská knižnica | Aktuálna knižnica | Dátum nadobudnutia | Total checkouts | Čiarový kód exemplára | Date last seen | Typ exemplára |
|---|---|---|---|---|---|---|---|---|---|---|
| Dar | Obecná knižnica Turčianska Štiavnička | Obecná knižnica Turčianska Štiavnička | 02.03.2026 | 4738000167 | 02.03.2026 | Krásna literatúra pre deti |
